Today I feel silly : (Record no. 102132)
[ view plain ]
| 000 -LEADER | |
|---|---|
| fixed length control field | 00692nam a2200193 a 4500 |
| 005 - DATE AND TIME OF LATEST TRANSACTION | |
| control field | 20140412111229.0 |
| 008 - FIXED-LENGTH DATA ELEMENTS--GENERAL INFORMATION | |
| fixed length control field | 010426s19uu xx 00 eng d |
| 020 ## - INTERNATIONAL STANDARD BOOK NUMBER | |
| International Standard Book Number | 0-06-024560-3 |
| 050 ## - LIBRARY OF CONGRESS CALL NUMBER | |
| Classification number | TR(PS E |
| Item number | To55 1998 |
| 100 ## - MAIN ENTRY--PERSONAL NAME | |
| Personal name | Curtis, Jamie Lee |
| 245 ## - TITLE STATEMENT | |
| Title | Today I feel silly : |
| Remainder of title | & other moods that make my day / |
| Statement of responsibility, etc | by Jamie Lee Curtis ; illustrated by Laura Cornell. |
| 260 ## - PUBLICATION, DISTRIBUTION, ETC. (IMPRINT) | |
| Place of publication, distribution, etc | [s.l.] : |
| Name of publisher, distributor, etc | HarperCollins Publishers, |
| Date of publication, distribution, etc | 1998. |
| 300 ## - PHYSICAL DESCRIPTION | |
| Extent | 1v. (unp.) ; ill. |
| 500 ## - GENERAL NOTE | |
| General note | "Joanna Cotler books" |
| 520 ## - SUMMARY, ETC. | |
| Summary, etc | A child's emotions range from silliness to anger to excitement, coloring and changing each day. |
| 650 ## - SUBJECT ADDED ENTRY--TOPICAL TERM | |
| Topical term or geographic name as entry element | Emotion-Fiction |
| 650 ## - SUBJECT ADDED ENTRY--TOPICAL TERM | |
| Topical term or geographic name as entry element | Stories in rhyme |
| Withdrawn status | Lost status | Damaged status | Home library | Current library | Shelving location | Date acquired | Source of acquisition | Total Checkouts | Full call number | Barcode | Date last seen | Price effective from | Koha item type |
|---|---|---|---|---|---|---|---|---|---|---|---|---|---|
| Elizalde Library | Elizalde Library | Teachers Reference Section | 04/26/2001 | TR(PS E To55 1998 | E0604 | 04/12/2014 | 04/12/2014 | Books |